| 000 | 00992nam a22002417a 4500 | ||
|---|---|---|---|
| 005 | 20140911151251.0 | ||
| 008 | 090728t xxu||||| |||| 00| 0 pun d | ||
| 010 | _aPUN-6936 B-464790-794 | ||
| 020 |
_c200.00 _a9788171165698 |
||
| 035 | _aPN-6054 B-464790-794 | ||
| 037 | _bDBAD / PUB | ||
| 037 | _bBPPD/Allied | ||
| 040 |
_adpl _bpn |
||
| 082 | _a851 | ||
| 100 |
_924414 _aਤਰਲੋਕ ਸਿੰਘ ਦੀਵਾਨਾ |
||
| 245 |
_aਜੈਕਾਰਾ / _cਤਰਲੋਕ ਸਿੰਘ ਦੀਵਾਨਾ |
||
| 246 |
_aTarlok Singh Diwana _bby Harbhajan Singh Baansal |
||
| 260 |
_aDelhi _bNational Book Shop _c2011 |
||
| 270 |
_aPleasure Garden Market, Chandni chowk _bDelhi _e110 006 _k011-23264342 |
||
| 300 | 4 |
_a128ਸਫੇ _c22ਸੇਮੀ (ਸਜਿਲੱਦ) |
|
| 942 |
_2ddc _cPN _h851 _mਤਰਲੋ |
||
| 999 |
_c55067 _d55067 |
||